Irrigation and its impact on agricultural landuse in upper Krishna Basin (Maharashtra ) : A geographical analysis (Record no. 16082)
[ view plain ]
| 000 -LEADER | |
|---|---|
| fixed length control field | 00781nam a2200205Ia 4500 |
| 082 ## - DEWEY DECIMAL CLASSIFICATION NUMBER | |
| Classification number | TP.0274 |
| 100 ## - MAIN ENTRY--AUTHOR NAME | |
| Personal name | Pawar, Chandrakant T. |
| 245 #0 - TITLE STATEMENT | |
| Title | Irrigation and its impact on agricultural landuse in upper Krishna Basin (Maharashtra ) : A geographical analysis |
| 260 ## - PUBLICATION, DISTRIBUTION, ETC. (IMPRINT) | |
| Year of publication | 1981 |
| Name of publisher | Shivaji University |
| 300 ## - PHYSICAL DESCRIPTION | |
| Number of Pages | 369p. + C D - 47 |
| 650 ## - SUBJECT ADDED ENTRY--TOPICAL TERM | |
| Topical Term | AGRICULTURE - TECHNOLOGICAL INNOVATIONS//AGRICULTURAL INNOVATIONS |
| 650 ## - SUBJECT ADDED ENTRY--TOPICAL TERM | |
| Topical Term | IRRIGATION///IRRIGATION FARMING |
| 650 ## - SUBJECT ADDED ENTRY--TOPICAL TERM | |
| Topical Term | AGRICULTURAL INNOVATIONS - MAHARASHTRA - KRISHNA BASIN |
| 650 ## - SUBJECT ADDED ENTRY--TOPICAL TERM | |
| Topical Term | IRRIGATION FARMING - MAHARASHTRA - KRISHNA BASIN |
| 650 ## - SUBJECT ADDED ENTRY--TOPICAL TERM | |
| Topical Term | AGRICULTURE///IRRIGATION FARMING |
| 650 ## - SUBJECT ADDED ENTRY--TOPICAL TERM | |
| Topical Term | IRRIGATED AGRICULTURE//IRRIGATION FARMING |
| 650 ## - SUBJECT ADDED ENTRY--TOPICAL TERM | |
| Topical Term | INNOVATIONS, AGRI |
| 710 ## - ADDED ENTRY--CORPORATE NAME | |
| Corporate name or jurisdiction name as entry element | Shinde, S.D. |
| 942 ## - ADDED ENTRY ELEMENTS (KOHA) | |
| Koha item type | Thesis |
| Source of classification or shelving scheme | Dewey Decimal Classification |
| Withdrawn status | Lost status | Damaged status | Not for loan | Home library | Current library | Date acquired | Bill Date | Full call number | Accession Number | Price effective from | Koha item type |
|---|---|---|---|---|---|---|---|---|---|---|---|
| NASSDOC Library | NASSDOC Library | 08/10/2004 | 2004-10-22 | TP.0274 | 14666 | 18/04/2019 | Thesis |
